Les mouvements scouts en Europe (logos) - Statistiques

Statistiques générales
  • Ce quiz a été pris 19 fois
  • Le résultat moyen est 29 sur 35
Statistiques - réponses
Par images Hint Réponse % Correct
pays fondateur du scoutisme Royaume-Uni
100%
pays de la péninsule ibérique Espagne
94%
Italie
94%
Nom du mouvement : "D****schen Pfadfinderschaft Sankt Georg Allemagne
88%
pays germanophone Autriche
88%
pays francophone où le scoutisme est trés répendu Belgique
88%
finale de coupe du monde 2018 Croatie
88%
pays scandinave, limitrophe de l'Allemagne Danemark
88%
pays scandinave, parle une langue non-indoeuropéenne Finlande
88%
France
88%
Grèce
88%
Île anglophone limitrophe avec le Royaume-Uni Irlande
88%
Île scandinave indépendante, célèbre pour ses volcans Islande
88%
micro-état enclavé dans la France Monaco
88%
monarchie scandinave, qui est un des pays les plus au nord du monde Norvège
88%
Pologne
88%
pays de la péninsule ibérique Portugal
88%
pays d'europe centrale parlant une langue romane Roumanie
88%
pays de l'ex-Tchécoslovaquie Slovaquie
88%
pays scandinave, célèbre pour ses meubles Suède
88%
pays alpin avec quatre langues officielles Suisse
88%
pays à majorité musulman des Balkans Albanie
82%
micro-état Andorre
82%
l'équipe nationale de ce pays est aussi célébre pour ses maillots oranges Pays-Bas
82%
Russie
82%
pays d'Europe centrale, parle une langue non-indoeuropéenne Hongrie
76%
micro-état alpin germanophone Liechtenstein
76%
paradis fiscal, dirigé par un Grand Duc Luxembourg
76%
pays célèbre pour sa croix et son ordre éponyme Malte
76%
micro-état enclavé en Italie Saint Marin
76%
pays balte Lettonie
71%
pays des Balkans Montenegro
71%
pays de l'ex-Tchécoslovaquie, anciennement appelé Bohémie République Tchéquie
71%
Bulgarie
65%
borde la mer Noire Ukraine
65%
Aucun quiz correspondant
Distribution des résultats
% des personnes avec chaque résultat
Percentile par nombre de réponses
Votre historique - résultats
Vous n’avez pas pris ce quiz